000 01266cam a2200373 a 4500
001 61453877
003 OCoLC
005 20200216184423.0
008 050816s2005 mnua b 000 0 spa
010 _a2005023456
020 _a1404816240 (hard cover)
020 _a9781404816244 (hard cover)
035 _a(OCoLC)61453877
040 _aDLC
_cDLC
_dBAKER
_dXY4
_dBTCTA
_dOCL
_dCO2
041 1 _aspa
_heng
042 _alcac
049 _aCO2A
092 _eSPA J
_a398.2
_bWHITE
100 1 _aWhite, Mark,
_d1971-
240 1 0 _aTortoise and the hare.
_lSpanish.
245 1 3 _aLa liebre y la tortuga :
_bversion de la fabula de Esopo /
_cpor Mark White ; ilustrado por Sara Rojo ; traduccion, Patricia Abello.
260 _aMinneapolis :
_bPicture Window Books,
_c2005.
300 _a24 p. :
_bill. ;
_c22 cm.
490 1 _aRead-it! readers. Nivel amarillo.
520 _aRecounts the famous tale of the race between the persevering turtle and the boastful rabbit.
650 0 _aFables
_vJuvenile literature.
650 0 _aFolklore
_vJuvenile literature.
690 _aSpanish language materials.
700 0 _aAesop.
700 1 _aRojo, Sara,
_eill.
700 1 _aAbello, Patricia.
830 0 _aRead-it! readers.
_pYellow level.
942 _2ddc
_cBK
999 _c19041
_d19041